| 000 | 00675nam a2200205 a 4500 | ||
|---|---|---|---|
| 001 | 000040334 | ||
| 005 | 20201002034051.0 | ||
| 008 | 130821s2005 mx 000 0 spa d | ||
| 020 | _a9703214924 | ||
| 040 |
_aDO-SdBNP _bspa _cBNPHU |
||
| 100 | 1 |
_aDolores Ake, Pablo _966631 |
|
| 245 | 1 | 0 |
_aCuento de cuentos : _bcon teatrito / _cPablo dolores Ake ; viñetas de Oscar Frias. |
| 260 |
_aMéxico : _bUniversidad Nacional Autónoma de México :, _c2005. |
||
| 300 |
_a31 p. : _bil. ; _c21 cm. |
||
| 490 | 1 | _aLunes | |
| 533 |
_aFacsímil: _bMéxico _d1944 |
||
| 700 | 1 |
_aFrias, Oscar _966632 |
|
| 710 | 2 |
_aUniversidad Nacional Autónoma de México _942447 |
|
| 830 | 0 |
_aLunes _966616 |
|
| 999 |
_c39824 _d39824 |
||